El sistema de precios (Registro nro. 6934)
[ vista simple ]
| 000 -ENCABEZADO | |
|---|---|
| Número de control [NR] | 01066nam a2200301Ia 4500 |
| 008 - DE LONGITUD FIJA DE DATOS DE ELEMENTOS - INFORMACIÓN GENERAL | |
| Elementos de longitud fija [NR] | 130821s1966 mx gr spa |
| 040 ## - FUENTE DE CATALOGACION [NR] | |
| Agencia de catalogación original [NR] | Co-BoUCM |
| Idioma de catalogación [NR] | spa |
| 041 ## - CODIGO DE IDIOMA [R] | |
| Código de idioma para texto/pista de sonido o título separado [R] | Español |
| 100 1# - ASIENTO PRINCIPAL--NOMBRE PERSONAL [NR] | |
| Nombre personal [NR] | Dorfman, Robert |
| ID Autoridad | 110945 |
| 245 13 - MENCION DE TITULO [NR] | |
| Título [NR] | El sistema de precios |
| Mención de responsabilidad, etc. [NR] | Robert Dorfman ; traducido por Rubén Pimentel Rogerio |
| 260 ## - PUBLICACION, DISTRIBUCION, ETC. (PIE DE IMPRENTA) [R] | |
| Lugar de publicación, distribución, etc. [R] | México D.F. (México) |
| Nombre del editor, distribuidor, etc. [R] | Uteha |
| Fecha de publicación, distribución, etc. [R] | 1966 |
| 300 ## - DESCRIPCION FISICA [R] | |
| Extensión [R] | 303 páginas |
| 490 #0 - MENCION DE SERIE [R] | |
| Mención de serie [R] | Manuales Uteha |
| Designación numérica/secuencial del volumen [NR] | 295 |
| 500 ## - NOTA GENERAL [R] | |
| Nota general [NR] | Ejemplar No 2 Donación Álvaro Daza. |
| 500 ## - NOTA GENERAL [R] | |
| Nota general [NR] | Indice al principio del texto.-- Bibliografía e índice alfabético al final del texto |
| 504 ## - NOTA DE BIBLIOGRAFIA, ETC. [R] | |
| Nota de bibliografía, etc. [NR] | |
| 650 04 - ASIENTO SECUNDARIO DE MATERIA - TERMINO TEMATICO [R] | |
| Término temático o nombre geográfico como elemento de entrada [NR] | Consumo (Economía) |
| 9 (RLIN) | 11731 |
| 650 04 - ASIENTO SECUNDARIO DE MATERIA - TERMINO TEMATICO [R] | |
| Término temático o nombre geográfico como elemento de entrada [NR] | Economía |
| 9 (RLIN) | 174 |
| 650 04 - ASIENTO SECUNDARIO DE MATERIA - TERMINO TEMATICO [R] | |
| Término temático o nombre geográfico como elemento de entrada [NR] | Microeconomía |
| 9 (RLIN) | 19488 |
| 650 04 - ASIENTO SECUNDARIO DE MATERIA - TERMINO TEMATICO [R] | |
| Término temático o nombre geográfico como elemento de entrada [NR] | Monopolios |
| 9 (RLIN) | 19732 |
| 650 04 - ASIENTO SECUNDARIO DE MATERIA - TERMINO TEMATICO [R] | |
| Término temático o nombre geográfico como elemento de entrada [NR] | Oligopolios |
| 9 (RLIN) | 20734 |
| 650 04 - ASIENTO SECUNDARIO DE MATERIA - TERMINO TEMATICO [R] | |
| Término temático o nombre geográfico como elemento de entrada [NR] | Precios |
| 9 (RLIN) | 22165 |
| 650 04 - ASIENTO SECUNDARIO DE MATERIA - TERMINO TEMATICO [R] | |
| Término temático o nombre geográfico como elemento de entrada [NR] | Teoría económica |
| 9 (RLIN) | 25318 |
| 700 1# - ASIENTO SECUNDARIO - NOMBRE PERSONAL [R] | |
| Nombre personal [NR] | Pimentel Rogelio, Ruben |
| Término de relación [R] | |
| 9 (RLIN) | 110946 |
| 765 ## - ASIENTO DE IDIOMA ORIGINAL [R] | |
| Título [NR] | The prices system |
| 942 ## - ELEMENTOS DE ENTRADA AGREGADOS (KOHA) | |
| Tipo de ítem principal el descrito en 300a | Libro |
| Tema principal | Economía |
| Edición | 1 |
| Parte restante de la signatura top. | D695s |
| Sistema de clasificación | DEWEY |
| Clasificación | 330.1 |
| Fecha de último préstamo | Signatura topográfica | Código de barras | Última vez visto | Ejemplar | Price effective from | Tipo de ítem | Perdido | Sistema de clasificación | Dañado | No prestable | Tipo de ítem específico | Suprimido | Ubicación habitual | Ubicación actual | Localización | Fecha de creación | Forma de adquisición | Costo | Total préstamos |
|---|---|---|---|---|---|---|---|---|---|---|---|---|---|---|---|---|---|---|---|
| 05/12/2011 | FAD 338.52 D695s | 100115207 | 09/05/2018 | Ej.2 | 03/02/2013 | Libro | DEWEY | Fondos especiales | Archivo Histórico | Archivo histórico | 28/02/2011 | Donación | 26000.00 | ||||||
| 330.1 D67S | 100000362 | 05/06/2012 | Ej.1 | 03/02/2013 | Libro | DEWEY | Libro | Bodega | Bodega | Préstamo 4 días después de solicitado | 28/02/2003 | Donación | 200.00 |